000 01171nam a22003497a 4500
001 200429374
999 _c200429374
_d47298
003 TR-AnTOB
005 20241011073731.0
007 ta
008 171111b xxu||||| |||| 00| 0 eng d
040 _aTR-AnTOB
_cTR-AnTOB
_beng
_erda
041 0 _atur
099 _aTEZ TOBB SBE TAR L’18 SİS
100 1 _aŞişman, Muhammed Emre
_9119601
245 1 0 _aMilli Mücadele'de manda ve himaye tartışmaları /
_cMuhammed Emre Şişman.
264 1 _aAnkara :
_bTOBB ETÜ Fen Edebiyat Fakültesi,
_c2018.
300 _a33 pages ;
_c29 cm
336 _2rdacontent
_atext
_btxt
337 _2rdamedia
_aunmediated
_bn
338 _2rdacarrier
_avolume
_bnc
502 _aTez (Lisans)--TOBB ETÜ Fen Edebiyat Fakültesi 2018
504 _aIncludes bibliographical references.
650 0 0 _932546
_aTezler, Akademik
650 0 0 _aDissertations, Academic
_932543
653 _aAmerikan mandası
653 _aİngiliz mandası
653 _aErzurum Kongresi
653 _aSivas Kongresi
710 2 _aTOBB Ekonomi ve Teknoloji Üniversitesi.
_bFen Edebiyat Fakültesi.
_bTarih Bölümü
_9104933
942 _cTEZ
_2z